Statistiques concernant Top 15 des pays avec les décès de Covid-19 - 14 juillet

Cliquez ici pour prendre le quiz!

Statistiques générales

  • Ce quiz a été pris 13 fois
  • Le résultat moyen est 14 sur 19

Statistiques - réponses

pays% Correct
Etats-Unis
100%
France
100%
Royaume-Uni
100%
Brésil
92%
Espagne
92%
Mexique
92%
Russie
92%
Allemagne
85%
Canada
85%
Inde
85%
Italie
85%
Belgique
69%
Pays-Bas
62%
Suède
62%
Chili
54%
Irlande
54%
Iran
46%
Pérou
46%
Équateur
23%

Distribution des résultats

Percentile par nombre de réponses

% des personnes avec chaque résultat

Votre développement - résultats

Vous n’avez pas pris ce quiz